000 00826cam a22002771 4500
001 12946
003 BD-RjUL
005 20211208235359.0
008 140130s1969 nyua b 001 0 eng
020 _a0471062405
035 _a(BD-RjUL)12996
040 _aDLC
_cDLC
_dDLC
_dBD-RjUL
_beng
041 _aeng
082 0 0 _a671
_bBEM
100 1 _aBegeman, Myron L.
_q(Myron Louis),
_d1893-
_939014
245 1 0 _aManufacturing processes /
_c[by] Myron L. Begeman [and] B. H. Amstead.
250 _a6th ed.
260 _aNew York :
_bWiley,
_c c1969.
300 _aviii, 754 p. :
_billus. ;
_c24 cm.
504 _aIncludes bibliographies and index.
650 0 _aManufacturing processes.
_939015
700 1 _aAmstead, B. H.,
_ejoint author.
_939016
942 _2ddc
_cBK
999 _c12946
_d12946